000 00590nam a2200241Ia 4500
003 OSt
005 20221005131225.0
006 a|||||r|||| 00| 0
007 ta
008 221004b |||||||| |||| 00| 0 kan d
024 _a61522
037 _cTextual
040 _aCRL
_cCRL
_bkan
041 _2kan
_akan
082 _aO33,3NNA6,1, J2
100 _aNarayan Au.
_9202657
245 0 _aShivoo
260 _c1952
650 _a KANNAD LITERATURE
650 _aKANNAD FICTION
942 _hO33,3NNA6,1, J2
_cTEXL
_2cc
999 _c1059694
_d1059694